<?xml version="1.0" encoding="UTF-8"?>
<collection xmlns="http://www.loc.gov/MARC21/slim">
 <record>
  <leader>02502aam a22002898a 4500</leader>
  <controlfield tag="001">NCT_25579</controlfield>
  <controlfield tag="008">090916s2009                  ||||||viesd</controlfield>
  <datafield tag="999" ind1=" " ind2=" ">
   <subfield code="c">1219</subfield>
   <subfield code="d">1219</subfield>
  </datafield>
  <datafield tag="020" ind1=" " ind2=" ">
   <subfield code="c">44000</subfield>
  </datafield>
  <datafield tag="082" ind1="0" ind2="4">
   <subfield code="2">23rd ed.</subfield>
   <subfield code="a">712</subfield>
   <subfield code="b">Gi108</subfield>
  </datafield>
  <datafield tag="245" ind1="1" ind2="0">
   <subfield code="a">Giáo trình quản lý quy hoạch kiến trúc cảnh quan và môi trường</subfield>
   <subfield code="c">Bộ Xây Dựng</subfield>
  </datafield>
  <datafield tag="260" ind1=" " ind2=" ">
   <subfield code="a">H.</subfield>
   <subfield code="b">Xây dựng</subfield>
   <subfield code="c">2010</subfield>
  </datafield>
  <datafield tag="300" ind1=" " ind2=" ">
   <subfield code="a">121 tr.</subfield>
   <subfield code="c">27 cm</subfield>
   <subfield code="b">hình vẽ, bảng</subfield>
  </datafield>
  <datafield tag="520" ind1="3" ind2=" ">
   <subfield code="a">Giới thiệu về quản lý địa giới và không gian, quy hoạch kiến trúc cảnh quan khu đô thị. Quản lý vệ sinh môi trường và y tế công cộng khu đô thị. Quản lý ươm trồng và chăm sóc cây xanh khu đô thị. Tuyên truyền phổ biến giáo dục pháp luật trong quản lý khu đô thị </subfield>
  </datafield>
  <datafield tag="653" ind1=" " ind2=" ">
   <subfield code="a">Kỹ thuật công trình xây dựng</subfield>
  </datafield>
  <datafield tag="942" ind1=" " ind2=" ">
   <subfield code="2">ddc</subfield>
   <subfield code="c">BK</subfield>
  </datafield>
  <datafield tag="952" ind1=" " ind2=" ">
   <subfield code="0">0</subfield>
   <subfield code="1">0</subfield>
   <subfield code="2">ddc</subfield>
   <subfield code="4">0</subfield>
   <subfield code="6">712_000000000000000_GI108</subfield>
   <subfield code="7">0</subfield>
   <subfield code="9">8975</subfield>
   <subfield code="a">000001</subfield>
   <subfield code="b">000001</subfield>
   <subfield code="d">2018-05-29</subfield>
   <subfield code="o">712 Gi108</subfield>
   <subfield code="p">MD.08439</subfield>
   <subfield code="r">2018-05-29</subfield>
   <subfield code="v">44000.00</subfield>
   <subfield code="w">2018-05-29</subfield>
   <subfield code="y">BK</subfield>
  </datafield>
  <datafield tag="952" ind1=" " ind2=" ">
   <subfield code="0">0</subfield>
   <subfield code="1">0</subfield>
   <subfield code="2">ddc</subfield>
   <subfield code="4">0</subfield>
   <subfield code="6">712_000000000000000_GI108</subfield>
   <subfield code="7">0</subfield>
   <subfield code="9">8976</subfield>
   <subfield code="a">000001</subfield>
   <subfield code="b">000001</subfield>
   <subfield code="d">2018-05-29</subfield>
   <subfield code="o">712 Gi108</subfield>
   <subfield code="p">MD.08440</subfield>
   <subfield code="r">2018-05-29</subfield>
   <subfield code="v">44000.00</subfield>
   <subfield code="w">2018-05-29</subfield>
   <subfield code="y">BK</subfield>
  </datafield>
  <datafield tag="952" ind1=" " ind2=" ">
   <subfield code="0">0</subfield>
   <subfield code="1">0</subfield>
   <subfield code="2">ddc</subfield>
   <subfield code="4">0</subfield>
   <subfield code="6">712_000000000000000_GI108</subfield>
   <subfield code="7">0</subfield>
   <subfield code="9">8977</subfield>
   <subfield code="a">000001</subfield>
   <subfield code="b">000001</subfield>
   <subfield code="d">2018-05-29</subfield>
   <subfield code="o">712 Gi108</subfield>
   <subfield code="p">MD.08441</subfield>
   <subfield code="r">2018-05-29</subfield>
   <subfield code="v">44000.00</subfield>
   <subfield code="w">2018-05-29</subfield>
   <subfield code="y">BK</subfield>
  </datafield>
  <datafield tag="952" ind1=" " ind2=" ">
   <subfield code="0">0</subfield>
   <subfield code="1">0</subfield>
   <subfield code="2">ddc</subfield>
   <subfield code="4">0</subfield>
   <subfield code="6">712_000000000000000_GI108</subfield>
   <subfield code="7">0</subfield>
   <subfield code="9">8978</subfield>
   <subfield code="a">000001</subfield>
   <subfield code="b">000001</subfield>
   <subfield code="d">2018-05-29</subfield>
   <subfield code="o">712 Gi108</subfield>
   <subfield code="p">MD.08442</subfield>
   <subfield code="r">2018-05-29</subfield>
   <subfield code="v">44000.00</subfield>
   <subfield code="w">2018-05-29</subfield>
   <subfield code="y">BK</subfield>
  </datafield>
  <datafield tag="952" ind1=" " ind2=" ">
   <subfield code="0">0</subfield>
   <subfield code="1">0</subfield>
   <subfield code="2">ddc</subfield>
   <subfield code="4">0</subfield>
   <subfield code="6">712_000000000000000_GI108</subfield>
   <subfield code="7">0</subfield>
   <subfield code="9">8979</subfield>
   <subfield code="a">000001</subfield>
   <subfield code="b">000001</subfield>
   <subfield code="d">2018-05-29</subfield>
   <subfield code="o">712 Gi108</subfield>
   <subfield code="p">MD.08443</subfield>
   <subfield code="r">2018-05-29</subfield>
   <subfield code="v">44000.00</subfield>
   <subfield code="w">2018-05-29</subfield>
   <subfield code="y">BK</subfield>
  </datafield>
  <datafield tag="952" ind1=" " ind2=" ">
   <subfield code="0">0</subfield>
   <subfield code="1">0</subfield>
   <subfield code="2">ddc</subfield>
   <subfield code="4">0</subfield>
   <subfield code="6">712_000000000000000_GI108</subfield>
   <subfield code="7">0</subfield>
   <subfield code="9">8980</subfield>
   <subfield code="a">000001</subfield>
   <subfield code="b">000001</subfield>
   <subfield code="d">2018-05-29</subfield>
   <subfield code="o">712 Gi108</subfield>
   <subfield code="p">MD.08444</subfield>
   <subfield code="r">2018-05-29</subfield>
   <subfield code="v">44000.00</subfield>
   <subfield code="w">2018-05-29</subfield>
   <subfield code="y">BK</subfield>
  </datafield>
  <datafield tag="952" ind1=" " ind2=" ">
   <subfield code="0">0</subfield>
   <subfield code="1">0</subfield>
   <subfield code="2">ddc</subfield>
   <subfield code="4">0</subfield>
   <subfield code="6">712_000000000000000_GI108</subfield>
   <subfield code="7">0</subfield>
   <subfield code="9">8981</subfield>
   <subfield code="a">000001</subfield>
   <subfield code="b">000001</subfield>
   <subfield code="d">2018-05-29</subfield>
   <subfield code="o">712 Gi108</subfield>
   <subfield code="p">MD.08445</subfield>
   <subfield code="r">2018-05-29</subfield>
   <subfield code="v">44000.00</subfield>
   <subfield code="w">2018-05-29</subfield>
   <subfield code="y">BK</subfield>
  </datafield>
  <datafield tag="952" ind1=" " ind2=" ">
   <subfield code="0">0</subfield>
   <subfield code="1">0</subfield>
   <subfield code="2">ddc</subfield>
   <subfield code="4">0</subfield>
   <subfield code="6">712_000000000000000_GI108</subfield>
   <subfield code="7">0</subfield>
   <subfield code="9">8982</subfield>
   <subfield code="a">000001</subfield>
   <subfield code="b">000001</subfield>
   <subfield code="d">2018-05-29</subfield>
   <subfield code="o">712 Gi108</subfield>
   <subfield code="p">MD.08446</subfield>
   <subfield code="r">2018-05-29</subfield>
   <subfield code="v">44000.00</subfield>
   <subfield code="w">2018-05-29</subfield>
   <subfield code="y">BK</subfield>
  </datafield>
  <datafield tag="952" ind1=" " ind2=" ">
   <subfield code="0">0</subfield>
   <subfield code="1">0</subfield>
   <subfield code="2">ddc</subfield>
   <subfield code="4">0</subfield>
   <subfield code="6">712_000000000000000_GI108</subfield>
   <subfield code="7">0</subfield>
   <subfield code="9">8983</subfield>
   <subfield code="a">000001</subfield>
   <subfield code="b">000001</subfield>
   <subfield code="d">2018-05-29</subfield>
   <subfield code="o">712 Gi108</subfield>
   <subfield code="p">MD.08447</subfield>
   <subfield code="r">2018-05-29</subfield>
   <subfield code="v">44000.00</subfield>
   <subfield code="w">2018-05-29</subfield>
   <subfield code="y">BK</subfield>
  </datafield>
  <datafield tag="952" ind1=" " ind2=" ">
   <subfield code="0">0</subfield>
   <subfield code="1">0</subfield>
   <subfield code="2">ddc</subfield>
   <subfield code="4">0</subfield>
   <subfield code="6">712_000000000000000_GI108</subfield>
   <subfield code="7">0</subfield>
   <subfield code="9">8984</subfield>
   <subfield code="a">000001</subfield>
   <subfield code="b">000001</subfield>
   <subfield code="d">2018-05-29</subfield>
   <subfield code="o">712 Gi108</subfield>
   <subfield code="p">MD.08448</subfield>
   <subfield code="r">2018-05-29</subfield>
   <subfield code="v">44000.00</subfield>
   <subfield code="w">2018-05-29</subfield>
   <subfield code="y">BK</subfield>
  </datafield>
  <datafield tag="980" ind1=" " ind2=" ">
   <subfield code="a">Thư viện Trường Đại học Nam Cần Thơ</subfield>
  </datafield>
 </record>
</collection>
